Представление документа в формате RUSMARC

ПолеНазваниеЗначение
  Тип записи a
  Библиографический уровень a
001 Контрольный номер RU/CBS_UL/BASE/f99c71efc5a444849db49ede4eef8ca8
005 Дата корректировки 20260204125516.4
100 Данные общей обработки __
a Данные общей обработки 20260204 ||| 0rusy0189 ca
101 Язык документа 0_
a Язык текста rus
102 Страна публикации __
a Страна публикации RU
200 Заглавие и сведения об ответственности 1_
a Заглавие Чтение без почтения
e Сведения, относящиеся к заглавию [сатирик М.Е. Салтыков-Щедрин зло и метко писал о том, с чем сталкивался на службе]
f Первые сведения об ответственности К. Кудряшов
300 Общие примечания __
a Общие примечания Содерж. : И слова, и дела
300 Общие примечания __
a Общие примечания 16+
461 Уровень набора _0
1 2000
a Аргументы и факты
463 Уровень физической единицы _0
1 2000
a № 3 (21-27 янв.)
v С. 18 : ил.
1 2101
d 2026
1 001RU/CBS_UL/BASE/ca0691b9568c49bcacfef3274f4ca826
600 Персоналии _1
a Персоналии (Фамилия) Салтыков-Щедрин
b Персоналии (Имя, инициалы) М.Е.
606 Тематические рубрики 0_
a Основная рубрика Салтыков-Щедрин, Михаил Евграфович (1826-1889)
610 Ключевые слова 0_
a Ключевые слова писатели русские
610 Ключевые слова 0_
a Ключевые слова русские писатели
610 Ключевые слова 0_
a Ключевые слова чиновники
610 Ключевые слова 0_
a Ключевые слова творчество писателей
610 Ключевые слова 0_
a Ключевые слова судьба писателей
686 Индексы других классификаций __
2 Код системы rubbk
a Классификационный индекс 83.3(2Рос=Рус)1
700 Автор _1
a Фамилия Кудряшов
b Имя (инициалы) К.
801 Источник записи _0
a Страна RU
b Организация МБУК ЦБС г. Ульяновска
c Дата составления 20260204
g Правила каталогизации RCR
801 Источник записи _1
a Страна RU
b Организация МБУК ЦБС г. Ульяновска
c Дата составления 20260204
g Правила каталогизации RCR
901 Тип документа __
t Тип документа f
w Контрольный № источника RU/CBS_UL/BASE/ca0691b9568c49bcacfef3274f4ca826
909 Создатель записи __
a Создатель записи lib1